000 00680nam a2200241Ia 4500
003 OSt
005 20220918203222.0
006 a|||||r|||| 00| 0
007 ta
008 220917b |||||||| |||| 00| 0 eng d
024 _a106,868
037 _cTextual
040 _aARTS
_cARTS
_beng
041 _2eng
_aeng
082 _aV3:3(Q6).M, L2
100 _aSmiles Samuel
_9107411
245 0 _aHuguenots
_b their settlements, chruches, and industries in England and Ireland
260 _aBaltimore
_bGenealogical
_c1972
300 _axii,448p.
_ccm.
650 _aHISTORY
942 _hV3:3(Q6).M, L2
_cTEXL
_2CC
999 _c230226
_d230226